00313nam a2200109Ia 4500082001200000100001600012245008400028260003600112300001000148650002800158710001700186 aTR.0111 aRaval, M.N. 0aMonetary management in underdeveloped countries with special reference to India c1971bM.S. University of Baroda a457p. aMONETARY POLICY - INDIA aShukla, D.K.